|
|
|
|
| LEADER |
00000nab a2200000 a 4500 |
| 001 |
vtls011713070 |
| 003 |
SK-MaSNL |
| 005 |
20260318124514.0 |
| 008 |
170929c2017 xo er n ||00 c0ukr |
| 015 |
|
|
|a SNBRB2017/09
|
| 038 |
|
|
|a SVKPOCL
|
| 040 |
|
|
|a SVKPOCL
|b slo
|c SVKPOCL
|e AACR2
|
| 041 |
0 |
|
|a ukr
|
| 044 |
|
|
|a xo
|c SK
|
| 080 |
|
|
|a 821.161.25(437.6)-1-051
|2 2011
|
| 080 |
|
|
|a (477)
|2 2011
|
| 080 |
|
|
|a 82:929
|2 2011
|
| 080 |
|
|
|a (437.6)
|2 2011
|
| 080 |
|
|
|a 82(091)"19"
|2 2011
|
| 080 |
|
|
|a 821.161.2(437.6)-1:808.1
|2 2011
|
| 080 |
|
|
|a 808.1
|2 2011
|
| 080 |
|
|
|a 929 Hvozda, Mikuláš
|2 2011
|
| 100 |
1 |
|
|a Medviď, Peter,
|d 1981-
|4 aut
|9 268505
|
| 245 |
1 |
0 |
|a 90 rokiv od narodžinja Nykolaja Hvozdў
|c Petro Medviď
|
| 246 |
3 |
3 |
|a 90 rokiv od narodžinja Nykolaja Hvozdŷ
|
| 246 |
3 |
|
|a Devjadesjat' rokiv od narodžinja Nykolaja Hvozdŷ
|
| 246 |
3 |
|
|a Devjadesjat' pjať rokiv od narodžinja Nykolaja Hvozdў
|
| 500 |
|
|
|a V rubrike Našў osobnosty
|
| 600 |
1 |
7 |
|a Hvozda, Mikuláš,
|d 1926-2010
|2 SNKMAnba
|9 182857
|
| 648 |
|
7 |
|a 3.1.1922-27.8.2010
|2 svkpocl
|9 1248009
|
| 650 |
0 |
7 |
|a rusínski spisovatelia
|2 svkpocl
|9 490645
|
| 650 |
0 |
7 |
|a básnici
|2 SNKPH
|9 31099
|
| 650 |
0 |
7 |
|a osobnosti
|2 SNKPH
|9 29820
|
| 650 |
0 |
7 |
|a rodáci
|2 SNKPH
|9 30842
|
| 650 |
0 |
7 |
|a biografia
|2 SNKPH
|9 71085
|
| 650 |
0 |
7 |
|a literárna tvorba
|2 SNKPH
|9 4226
|
| 651 |
|
7 |
|a Prešov (Slovensko)
|2 SNKPH
|9 17347
|
| 651 |
|
7 |
|a Krajná Poľana (Slovensko)
|2 SNKPHgeo
|9 58069
|
| 651 |
|
7 |
|a Ladomirová (Slovensko)
|2 SNKPHgeo
|9 28842
|
| 773 |
0 |
|
|t NN info Rusyn : Narodnў novynkў Rusyniv Slovakiji
|g Roč. XIV (26), č. 1-2 (2017), s. 14
|x 2454-0013
|
| 852 |
|
|
|a SVKPO
|b KIS3GCP
|
| 856 |
4 |
2 |
|y Elektronický archív Info Rusyna je dostupný na: http://www.rusyn.sk
|
| 958 |
|
|
|a SS
|
| 958 |
|
|
|a RN
|
| 958 |
|
|
|a BX
|
| 958 |
|
|
|a LX
|
| 999 |
|
|
|c 2213721
|d 2215651
|